000 00650nam a2200253Ia 4500
003 OSt
005 20221005122141.0
006 a|||||r|||| 00| 0
007 ta
008 221004b |||||||| |||| 00| 0 eng d
024 _a70052
037 _cTextual
040 _aCRL
_cCRL
_beng
041 _2eng
_aeng
082 _aY1b4h1:N6, K4
110 _aUnesco
245 0 _aInternational repertory of sociological research centres
260 _c1964
490 _aReports and papers in the social sciences; 20
650 _aSOCIOLOGY
700 _aUnesco
942 _hY1b4h1:N6, K4
_cTEXL
_2cc
999 _c1043418
_d1043418